[Event "Kingston Easter U2200"]
[Site "Kingston"]
[Date "2019.04.21"]
[Round "6.21"]
[White "Doubleday, William G"]
[Black "Latreille, Etienne"]
[Result "1-0"]
[WhiteElo "1942"]
[BlackElo "1956"]
[PlyCount "137"]
[EventDate "2019.04.18"]
[EventType "swiss"]
[EventRounds "9"]
[EventCountry "CAN"]
[SourceTitle "EXT 2022"]
[Source "ChessBase"]
[SourceDate "2021.10.06"]
[SourceVersion "1"]
[SourceVersionDate "2021.10.06"]
[SourceQuality "1"]

1. d4 d5 2. c4 e6 3. Nc3 Nf6 4. Nf3 Bb4 5. Bg5 c6 6. Rc1 Nbd7 7. a3 Be7 8. e3 0-0 9. Bd3 dxc4 10. Bxc4 Nb6 11. Bd3 Nfd5 12. Bxe7 Qxe7 13. Qc2 f5 14. 0-0 g5 15. Rfe1 Qg7 16. Ne5 Nd7 17. Nxd7 Bxd7 18. Bc4 Kh8 19. Qb3 b5 20. Bf1 Nb6 21. Rcd1 a6 22. Qb4 Rf7 23. Qa5 Nd5 24. Rc1 g4 25. Nxd5 exd5 26. Qc7 Be8 27. Qf4 Bd7 28. Bd3 Rg8 29. Rf1 h5 30. Rc2 Qg5 31. Qe5+ Qf6 32. Qxf6+ Rxf6 33. f3 Rgf8 34. Rcf2 Kg7 35. e4 fxe4 36. fxe4 Rxf2 37. Rxf2 Rxf2 38. Kxf2 dxe4 39. Bxe4 a5 40. Ke3 Kf6 41. Kf4 Be8 42. b4 axb4 43. axb4 Bd7 44. g3 Be8 45. Bf5 Ke7 46. Ke5 Bf7 47. h4 gxh3 48. Bxh3 Bd5 49. Bf5 Bf7 50. Be4 Be8 51. Bf3 Kd7 52. Kf6 Kd6 53. Kg5 Bf7 54. Bxh5 Bxh5 55. Kxh5 Kd5 56. g4 Kxd4 57. g5 Kc4 58. g6 Kxb4 59. g7 c5 60. g8Q c4 61. Kg4 Ka3 62. Qd5 c3 63. Qd3 Kb2 64. Qxb5+ Ka1 65. Qa4+ Kb2 66. Qb4+ Kc2 67. Kf3 Kd3 68. Qe4+ Kd2 69. Qd4+ 1-0

[Event "Ottawa RA Winter op"]
[Site "Ottawa"]
[Date "2019.01.20"]
[Round "4"]
[White "Kellar, Ben"]
[Black "Doubleday, William G"]
[Result "1-0"]
[WhiteElo "2057"]
[BlackElo "2041"]
[PlyCount "121"]
[EventDate "2019.01.18"]
[EventType "swiss"]
[EventRounds "5"]
[EventCountry "CAN"]
[SourceTitle "EXT 2022"]
[Source "ChessBase"]
[SourceDate "2021.10.06"]
[SourceVersion "1"]
[SourceVersionDate "2021.10.06"]
[SourceQuality "1"]

1. c4 c5 2. g3 e5 3. Bg2 Nc6 4. Nc3 g6 5. e3 Bg7 6. Nge2 Nge7 7. 0-0 0-0 8. d3 d6 9. a3 Rb8 10. Rb1 a5 11. Nb5 d5 12. Nec3 Be6 13. b3 Qd7 14. cxd5 Nxd5 15. Ne4 Qe7 16. Qc2 b6 17. Bb2 Rfd8 18. Rfd1 Rbc8 19. Rbc1 h6 20. Nd2 Na7 21. Nxa7 Qxa7 22. Nc4 Qc7 23. Bxd5 Bxd5 24. e4 Be6 25. Qc3 f6 26. f3 Rb8 27. Rc2 Qf7 28. Rf1 Qd7 29. Rd2 b5 30. Nxa5 b4 31. Qc2 Qb5 32. axb4 Rbc8 33. Ra1 Qxb4 34. Bc3 Qb5 35. Ra3 Ra8 36. Qb2 Bf8 37. Nc4 Rdb8 38. Rxa8 Rxa8 39. Rd1 Rb8 40. Rb1 Qd7 41. Qc2 Ra8 42. Rd1 Qb5 43. Bd2 Ra7 44. Qc3 Ra2 45. Rb1 Bxc4 46. dxc4 Qd7 47. Be3 Qh3 48. Rb2 Ra1+ 49. Bc1 Qd7 50. Rd2 Qa7 51. Kg2 Rb1 52. Bb2 Qa2 53. f4 Re1 54. fxe5 Qb1 55. Qf3 Rg1+ 56. Kh3 Rf1 57. Qg4 g5 58. Qe6+ Kg7 59. Rd7+ Kh8 60. Qf7 g4+ 61. Kh4 1-0

[Event "Wch Seniors 65 28th"]
[Site "Bled"]
[Date "2018.11.28"]
[Round "10"]
[White "Doubleday, William G"]
[Black "Harding, Timothy David"]
[Result "1/2-1/2"]
[WhiteElo "1929"]
[BlackElo "2027"]
[PlyCount "47"]
[EventDate "2018.11.18"]
[EventType "swiss"]
[EventRounds "11"]
[EventCountry "SLO"]
[SourceTitle "CBM 187 Extra"]
[Source "ChessBase"]
[SourceDate "2018.11.04"]
[SourceVersion "1"]
[SourceVersionDate "2018.11.04"]
[SourceQuality "1"]

1. d4 d5 2. c4 c6 3. e3 Nf6 4. Nf3 e6 5. b3 Nbd7 6. Bb2 Bd6 7. Nc3 Qe7 8. Be2 b6 9. 0-0 Bb7 10. Rc1 Ba3 11. Qc2 0-0 12. Rfd1 Bxb2 13. Qxb2 c5 14. cxd5 Nxd5 15. Qa3 Rfd8 16. Na4 cxd4 17. Qxe7 Nxe7 18. Nxd4 Nd5 19. Bf3 Ne5 20. Be2 Rac8 21. h3 Kf8 22. a3 Ke7 23. b4 Nc6 24. Nxc6+ 1/2-1/2

[Event "Wch Seniors 65 28th"]
[Site "Bled"]
[Date "2018.11.25"]
[Round "7"]
[White "Bjorgvik, Jan Arne"]
[Black "Doubleday, William G"]
[Result "0-1"]
[WhiteElo "1777"]
[BlackElo "1929"]
[PlyCount "92"]
[EventDate "2018.11.18"]
[EventType "swiss"]
[EventRounds "11"]
[EventCountry "SLO"]
[SourceTitle "CBM 187 Extra"]
[Source "ChessBase"]
[SourceDate "2018.11.04"]
[SourceVersion "1"]
[SourceVersionDate "2018.11.04"]
[SourceQuality "1"]

1. e4 c5 2. Nf3 Nc6 3. d4 cxd4 4. Nxd4 Qb6 5. c3 Nf6 6. Nxc6 bxc6 7. Nd2 d5 8. exd5 cxd5 9. Qb3 e6 10. Qxb6 axb6 11. Bb5+ Nd7 12. Nf3 Bd6 13. Be3 0-0 14. 0-0 Ne5 15. Be2 Ba6 16. Nxe5 Bxe2 17. Rfe1 Bb5 18. Bxb6 Rfb8 19. Bd4 f6 20. Nf3 e5 21. Be3 Bc6 22. b3 Kf7 23. Red1 Ke6 24. Ne1 Ra6 25. Nd3 Rba8 26. a4 Rb8 27. Rab1 h6 28. f3 Ra5 29. Kf2 g5 30. g4 f5 31. h3 f4 32. Bd2 e4 33. Re1 Kd7 34. c4 e3+ 35. Bxe3 fxe3+ 36. Rxe3 dxc4 37. b4 cxd3 38. Rxd3 Bxa4 39. Rb2 Ra6 40. Rd4 Bb5 41. Rbd2 Rf8 42. Kg2 Rf4 43. h4 Rxd4 44. Rxd4 Ra2+ 45. Kg1 Ke6 46. hxg5 hxg5 0-1

[Event "Wch Seniors 65 28th"]
[Site "Bled"]
[Date "2018.11.23"]
[Round "6"]
[White "Doubleday, William G"]
[Black "Vinke, Dietmar"]
[Result "0-1"]
[WhiteElo "1929"]
[BlackElo "2163"]
[PlyCount "102"]
[EventDate "2018.11.18"]
[EventType "swiss"]
[EventRounds "11"]
[EventCountry "SLO"]
[SourceTitle "CBM 187 Extra"]
[Source "ChessBase"]
[SourceDate "2018.11.04"]
[SourceVersion "1"]
[SourceVersionDate "2018.11.04"]
[SourceQuality "1"]

1. d4 Nf6 2. c4 g6 3. Nc3 Bg7 4. e4 d6 5. h3 0-0 6. Nf3 Na6 7. Be3 c6 8. a3 Nd7 9. Qc2 e5 10. d5 c5 11. Bd3 Nf6 12. g4 Ne8 13. 0-0-0 Bd7 14. Rdg1 Nac7 15. g5 a6 16. h4 b5 17. h5 bxc4 18. Bxc4 Nb5 19. Bxb5 axb5 20. Nd2 b4 21. Ncb1 Nc7 22. Nc4 Nb5 23. a4 b3 24. Qxb3 Nd4 25. Bxd4 Bxa4 26. Qb6 cxd4 27. Qxd8 Raxd8 28. Kd2 f6 29. hxg6 hxg6 30. gxf6 Rxf6 31. Rh2 Rb8 32. Nba3 Rb3 33. Rg3 Rxf2+ 34. Rxf2 Rxg3 35. Nxd6 Bh6+ 36. Ke1 d3 37. Ndc4 Rg1+ 38. Rf1 d2+ 39. Nxd2 Bxd2+ 40. Ke2 Rxf1 41. Kxf1 Bb4 42. Ke2 Bxa3 43. bxa3 Bc2 44. Kf3 Kf7 45. Ke3 Ke7 46. Kf3 Kd6 47. Ke3 Kc5 48. Kf3 Kd4 49. d6 Bxe4+ 50. Kg4 Bc6 51. Kg5 e4 0-1

[Event "Wch Seniors 65 28th"]
[Site "Bled"]
[Date "2018.11.22"]
[Round "5"]
[White "Anguera Maestro, Jaime"]
[Black "Doubleday, William G"]
[Result "1-0"]
[WhiteElo "2072"]
[BlackElo "1929"]
[PlyCount "79"]
[EventDate "2018.11.18"]
[EventType "swiss"]
[EventRounds "11"]
[EventCountry "SLO"]
[SourceTitle "CBM 187 Extra"]
[Source "ChessBase"]
[SourceDate "2018.11.04"]
[SourceVersion "1"]
[SourceVersionDate "2018.11.04"]
[SourceQuality "1"]

1. d4 d5 2. Nf3 c5 3. c3 e6 4. Bf4 Nc6 5. e3 Bd6 6. Bg3 Nf6 7. Bd3 Bxg3 8. hxg3 Qb6 9. Qc2 h6 10. Nbd2 Bd7 11. 0-0 Rc8 12. a3 0-0 13. Rab1 cxd4 14. exd4 Rfd8 15. Qd1 Be8 16. Qe2 a6 17. Rfe1 Na7 18. Qe3 Qd6 19. Ne5 Nc6 20. g4 Nd7 21. g5 hxg5 22. Nxc6 Qxc6 23. Qxg5 f6 24. Qh4 Nf8 25. Re3 Qc7 26. Rh3 Bg6 27. Re1 Bxd3 28. Rxd3 Kf7 29. Qh5+ Ke7 30. Rde3 Kd6 31. c4 Qd7 32. cxd5 exd5 33. Qh2+ Kc6 34. Re7 Qd6 35. Rc1+ Kb5 36. Rxb7+ Ka4 37. Rxc8 Qxh2+ 38. Kxh2 Rxc8 39. Rb4+ Ka5 40. Nb3# 1-0

[Event "Wch Seniors 65 28th"]
[Site "Bled"]
[Date "2018.11.18"]
[Round "1"]
[White "Baum, Bernd"]
[Black "Doubleday, William G"]
[Result "1/2-1/2"]
[WhiteElo "2252"]
[BlackElo "1929"]
[PlyCount "66"]
[EventDate "2018.11.18"]
[EventType "swiss"]
[EventRounds "11"]
[EventCountry "SLO"]
[SourceTitle "CBM 187 Extra"]
[Source "ChessBase"]
[SourceDate "2018.11.04"]
[SourceVersion "1"]
[SourceVersionDate "2018.11.04"]
[SourceQuality "1"]

1. Nf3 c5 2. g3 d6 3. d4 cxd4 4. Nxd4 e5 5. Nf3 Nf6 6. c4 e4 7. Nd4 d5 8. Bg2 Bb4+ 9. Nc3 Nc6 10. 0-0 0-0 11. Bg5 h6 12. Bxf6 Qxf6 13. Nxd5 Qxd4 14. Qxd4 Nxd4 15. Nxb4 Nxe2+ 16. Kh1 f5 17. Rfd1 Be6 18. Nd5 Bxd5 19. cxd5 Rac8 20. Rd2 Rc1+ 21. Rxc1 Nxc1 22. b3 Nd3 23. Bf1 Ne5 24. Rc2 Rd8 25. Rc7 Rxd5 26. Rxb7 Rd1 27. Kg2 Nf3 28. Rxa7 g5 29. Ra5 g4 30. Rxf5 Ne1+ 31. Kg1 Nf3+ 32. Kg2 Ne1+ 33. Kg1 Nf3+ 1/2-1/2

[Event "Ottawa RA March op"]
[Site "Ottawa"]
[Date "2018.03.04"]
[Round "4"]
[White "Chiku Ratte, Olivier Kenta"]
[Black "Doubleday, William G"]
[Result "1-0"]
[WhiteElo "2460"]
[BlackElo "1981"]
[PlyCount "163"]
[EventDate "2018.03.02"]
[EventType "swiss"]
[EventRounds "5"]
[EventCountry "CAN"]
[SourceTitle "EXT 2022"]
[Source "ChessBase"]
[SourceDate "2021.10.06"]
[SourceVersion "1"]
[SourceVersionDate "2021.10.06"]
[SourceQuality "1"]

1. d4 d5 2. c4 c6 3. Nf3 Nf6 4. e3 e6 5. Bd3 Nbd7 6. Nc3 dxc4 7. Bxc4 b5 8. Be2 Bb7 9. 0-0 a6 10. Qc2 c5 11. Rd1 Qb6 12. a3 Be7 13. e4 cxd4 14. Nxd4 Rc8 15. Bf3 Ne5 16. Qe2 0-0 17. Be3 Qc7 18. Rac1 Qb8 19. Bf4 Bd6 20. Bg3 Nxf3+ 21. Nxf3 Bxg3 22. hxg3 e5 23. Nh4 Rfd8 24. Nf5 Rxd1+ 25. Rxd1 Rd8 26. f3 Qc7 27. g4 g6 28. Ne3 h6 29. Kh2 Rd4 30. Nc2 Kg7 31. g3 Rxd1 32. Nxd1 Qd6 33. Nde3 Qc5 34. Qd2 Qb6 35. Qc3 Qd6 36. Nb4 Kg8 37. Kg2 Kf8 38. Kf2 Ke7 39. Ke2 Kf8 40. Nd3 Nd7 41. Nf1 f6 42. Qc1 Kg7 43. Nd2 Qc6 44. Qxc6 Bxc6 45. f4 g5 46. Ke3 Kf7 47. Kf3 Ke6 48. Nf1 Kf7 49. Ne3 Kg6 50. Nf5 Ba8 51. b4 h5 52. gxh5+ Kxh5 53. Nc5 g4+ 54. Ke3 Nb6 55. Nd6 exf4+ 56. Kxf4 Nc4 57. Nxc4 bxc4 58. Ke3 Kg5 59. Kd4 f5 60. exf5 Kxf5 61. Kxc4 Bg2 62. Kd4 Bf1 63. a4 Be2 64. Kd5 Bf3+ 65. Kd6 Be2 66. Nxa6 Bxa6 67. b5 Bb7 68. Kc7 Bd5 69. b6 Ke4 70. b7 Bxb7 71. Kxb7 Kf3 72. a5 Kxg3 73. a6 Kh2 74. a7 g3 75. a8Q g2 76. Qh8+ Kg3 77. Qg7+ Kf2 78. Qf6+ Kg3 79. Qg5+ Kf2 80. Qf4+ Ke1 81. Qg3+ Kf1 82. Qf3+ 1-0

[Event "Ottawa RA Winter op"]
[Site "Ottawa"]
[Date "2018.01.20"]
[Round "2"]
[White "Yao, Sammy"]
[Black "Doubleday, William G"]
[Result "1-0"]
[WhiteElo "2090"]
[BlackElo "2014"]
[PlyCount "71"]
[EventDate "2018.01.19"]
[EventType "swiss"]
[EventRounds "5"]
[EventCountry "CAN"]
[SourceTitle "EXT 2022"]
[Source "ChessBase"]
[SourceDate "2021.10.06"]
[SourceVersion "1"]
[SourceVersionDate "2021.10.06"]
[SourceQuality "1"]

1. c4 e6 2. g3 d5 3. Bg2 dxc4 4. Qa4+ Nd7 5. Nf3 a6 6. Qxc4 c5 7. 0-0 Ngf6 8. d4 b5 9. Qc2 Bb7 10. dxc5 Bxc5 11. Nc3 0-0 12. a3 Rc8 13. Rd1 Qe7 14. e4 Bb6 15. Qe2 Ng4 16. Nd4 Nge5 17. Nc2 Rfd8 18. Be3 Nc4 19. Bxb6 Ndxb6 20. Nd4 g6 21. e5 Nd5 22. Nxd5 Bxd5 23. a4 Bxg2 24. Kxg2 Rd5 25. f4 Qb7 26. Kh3 Rcd8 27. Nf3 Ne3 28. Rxd5 Nxd5 29. axb5 axb5 30. Qf2 Ra8 31. Rxa8+ Qxa8 32. Ng5 b4 33. Ne4 Kg7 34. Nd6 Qb8 35. Qc5 Qc7 36. Ne8+ 1-0

[Event "Canadian op"]
[Site "Sault Ste Marie"]
[Date "2017.07.14"]
[Round "7"]
[White "Doubleday, William G"]
[Black "Wiebe, Daniel"]
[Result "0-1"]
[WhiteElo "1950"]
[BlackElo "1939"]
[PlyCount "112"]
[EventDate "2017.07.08"]
[EventType "swiss"]
[EventRounds "9"]
[EventCountry "CAN"]
[SourceTitle "EXT 2018"]
[Source "ChessBase"]
[SourceDate "2017.10.13"]
[SourceVersion "1"]
[SourceVersionDate "2017.10.13"]
[SourceQuality "1"]

1. d4 Nf6 2. c4 g6 3. Nc3 d5 4. Nf3 Bg7 5. Bg5 Ne4 6. Bh4 Nxc3 7. bxc3 dxc4 8. Qa4+ c6 9. Qxc4 b6 10. e3 Ba6 11. Qb3 Bxf1 12. Kxf1 0-0 13. Ke2 c5 14. dxc5 Nc6 15. Rhd1 Qc7 16. cxb6 axb6 17. Bg3 Qb7 18. Kf1 Na5 19. Qb4 Rfc8 20. Nd4 Rc4 21. Qb2 Ra4 22. Kg1 Nc4 23. Qb3 Bf6 24. h3 Qa6 25. Nb5 Rxa2 26. Nc7 Qa4 27. Qxa4 R8xa4 28. Rxa2 Rxa2 29. Rd8+ Kg7 30. Nd5 Kh6 31. Nxf6 exf6 32. Bd6 Re2 33. Bf8+ Kg5 34. Bb4 Nd2 35. g3 Ne4 36. Rd5+ f5 37. Be7+ f6 38. Bd6 Nxf2 39. Bf4+ Kh5 40. g4+ Kh4 41. gxf5 Nxh3+ 42. Kf1 Rf2+ 43. Ke1 Nxf4 44. fxg6 hxg6 45. exf4 Rxf4 46. Rd6 g5 47. Rxb6 g4 48. Rb8 g3 49. Rh8+ Kg4 50. Ke2 g2 51. Rg8+ Kh3 52. Rh8+ Kg3 53. Rg8+ Kh2 54. Ke3 Rf5 55. Ke4 Rg5 56. Rh8+ Kg3 0-1

[Event "Ottawa RA March op"]
[Site "Ottawa"]
[Date "2017.03.05"]
[Round "5"]
[White "Doubleday, William G"]
[Black "Donev, Danail"]
[Result "1-0"]
[WhiteElo "2028"]
[BlackElo "1945"]
[PlyCount "77"]
[EventDate "2017.03.03"]
[EventType "swiss"]
[EventRounds "5"]
[EventCountry "CAN"]
[SourceTitle "EXT 2022"]
[Source "ChessBase"]
[SourceDate "2021.10.06"]
[SourceVersion "1"]
[SourceVersionDate "2021.10.06"]
[SourceQuality "1"]

1. d4 Nf6 2. c4 g6 3. Nc3 Bg7 4. e4 d6 5. h3 0-0 6. Bg5 e5 7. d5 Nbd7 8. Bd3 h6 9. Be3 Ne8 10. Qd2 Kh7 11. g4 Nc5 12. Bc2 Bd7 13. Nge2 Rb8 14. b4 Na6 15. a3 b6 16. 0-0-0 c5 17. dxc6 Be6 18. Nd5 Qc8 19. f3 Nac7 20. h4 Qa6 21. Qd3 b5 22. c5 Qxc6 23. Ne7 Qd7 24. cxd6 Na6 25. Nc3 Bc4 26. Qd2 Ra8 27. h5 g5 28. Kb2 Nb8 29. Bb3 a5 30. Bxc4 axb4 31. Nxb5 bxa3+ 32. Ka2 Ra4 33. Be2 Na6 34. Rb1 Qe6+ 35. Nd5 Nxd6 36. Nxd6 Qxd6 37. Bxa6 Qxa6 38. Rhc1 Rc4 39. Qd3 1-0

[Event "Ottawa National Capital op"]
[Site "Ottawa"]
[Date "2016.10.30"]
[Round "4"]
[White "Doubleday, William G"]
[Black "Sambuev, Bator"]
[Result "0-1"]
[WhiteElo "2028"]
[BlackElo "2599"]
[PlyCount "46"]
[EventDate "2016.10.28"]
[EventType "swiss"]
[EventRounds "5"]
[EventCountry "CAN"]
[SourceTitle "EXT 2022"]
[Source "ChessBase"]
[SourceDate "2021.10.06"]
[SourceVersion "1"]
[SourceVersionDate "2021.10.06"]
[SourceQuality "1"]

1. d4 d5 2. c4 e6 3. Nc3 c5 4. e3 Nf6 5. Nf3 Nc6 6. a3 Ne4 7. Bd3 Nxc3 8. bxc3 dxc4 9. Bxc4 Be7 10. 0-0 0-0 11. Qe2 Qc7 12. Bb2 Na5 13. Ba2 b6 14. d5 c4 15. e4 exd5 16. exd5 Bb7 17. Rad1 Rad8 18. Rfe1 Bf6 19. Qe4 g6 20. h4 h5 21. Bb1 Qd6 22. Ne5 Rfe8 23. Qf4 Rxe5 0-1

[Event "Ottawa National Capital op"]
[Site "Ottawa"]
[Date "2016.10.28"]
[Round "2"]
[White "Donev, Danail"]
[Black "Doubleday, William G"]
[Result "0-1"]
[WhiteElo "1945"]
[BlackElo "2028"]
[PlyCount "72"]
[EventDate "2016.10.28"]
[EventType "swiss"]
[EventRounds "5"]
[EventCountry "CAN"]
[SourceTitle "EXT 2022"]
[Source "ChessBase"]
[SourceDate "2021.10.06"]
[SourceVersion "1"]
[SourceVersionDate "2021.10.06"]
[SourceQuality "1"]

1. e4 c5 2. Nf3 Nc6 3. d4 cxd4 4. Nxd4 Qb6 5. Nb3 Nf6 6. Nc3 e6 7. Bd3 Be7 8. Be3 Qc7 9. f4 d6 10. 0-0 a6 11. Qf3 0-0 12. Rae1 Nb4 13. Qg3 Nd7 14. f5 Bf6 15. Kh1 Ne5 16. Bd4 Nbc6 17. Be3 Nb4 18. Bf4 Bd7 19. Nd4 Kh8 20. Nf3 Qa5 21. Rd1 Rad8 22. a3 Nbxd3 23. cxd3 Bc6 24. fxe6 fxe6 25. Ng5 Rde8 26. d4 Ng6 27. Nxe6 Rxe6 28. d5 Bh4 29. Qg4 Ref6 30. g3 Bb5 31. Nxb5 Qxb5 32. Rc1 Qd3 33. gxh4 Qxe4+ 34. Kg1 Nxf4 35. Rf2 Nh3+ 36. Qxh3 Rxf2 0-1

[Event "Ottawa RA Fall op"]
[Site "Ottawa"]
[Date "2016.09.21"]
[Round "1"]
[White "Sambuev, Bator"]
[Black "Doubleday, William G"]
[Result "1-0"]
[WhiteElo "2599"]
[BlackElo "2028"]
[PlyCount "59"]
[EventDate "2016.09.21"]
[EventType "swiss"]
[EventRounds "5"]
[EventCountry "CAN"]
[SourceTitle "EXT 2022"]
[Source "ChessBase"]
[SourceDate "2021.10.06"]
[SourceVersion "1"]
[SourceVersionDate "2021.10.06"]
[SourceQuality "1"]

1. d4 d5 2. Nf3 Nf6 3. e3 c5 4. c4 e6 5. Nc3 Nc6 6. a3 a6 7. cxd5 exd5 8. Be2 Be7 9. dxc5 Bxc5 10. b4 Ba7 11. 0-0 0-0 12. Bb2 d4 13. exd4 Nxd4 14. Nxd4 Qxd4 15. Bf3 Rb8 16. Qc1 Qd3 17. Rd1 Qg6 18. Nd5 Nxd5 19. Rxd5 h6 20. Bh5 Qc6 21. Qd2 Be6 22. Rd3 Bf5 23. Rc1 Qe4 24. Rg3 Bg6 25. Qc3 Bd4 26. Qxd4 Qxd4 27. Bxd4 Rbd8 28. Bxg6 Rxd4 29. Bh5 Re8 30. Re3 1-0

[Event "Quebec-ch op"]
[Site "Montreal"]
[Date "2016.07.25"]
[Round "4"]
[White "Doubleday, William G"]
[Black "Malek, Omid"]
[Result "1/2-1/2"]
[WhiteElo "1981"]
[BlackElo "2053"]
[PlyCount "76"]
[EventDate "2016.07.23"]
[EventType "swiss"]
[EventRounds "8"]
[EventCountry "CAN"]
[SourceTitle "CBM 173 Extra"]
[Source "ChessBase"]
[SourceDate "2016.08.29"]
[SourceVersion "1"]
[SourceVersionDate "2016.08.29"]
[SourceQuality "1"]

1. d4 Nf6 2. c4 e6 3. Nc3 Bb4 4. e3 b6 5. Nge2 c5 6. a3 Ba5 7. Rb1 Qe7 8. g3 Bb7 9. d5 Ne4 10. Bd2 exd5 11. Bg2 d4 12. Nxe4 Bxd2+ 13. Qxd2 Bxe4 14. 0-0 Bxg2 15. Kxg2 Qe4+ 16. f3 Qxe3 17. Qxe3+ dxe3 18. Nc3 Nc6 19. Rfe1 0-0 20. Rxe3 Rfe8 21. Kf2 Rxe3 22. Kxe3 Re8+ 23. Kf2 Nd4 24. b4 d6 25. Rb2 f5 26. Rd2 Re6 27. bxc5 dxc5 28. a4 Rh6 29. Ke3 g5 30. Nb5 Re6+ 31. Kf2 Nxb5 32. axb5 Kf7 33. h3 Ke7 34. Ra2 Kd6 35. Rxa7 Ke5 36. Rd7 h6 37. Rd5+ Kf6 38. g4 f4 1/2-1/2

[Event "Quebec-ch op"]
[Site "Montreal"]
[Date "2016.07.23"]
[Round "1"]
[White "Prahov, Valentin Asenov"]
[Black "Doubleday, William G"]
[Result "1/2-1/2"]
[WhiteElo "2188"]
[BlackElo "1981"]
[PlyCount "90"]
[EventDate "2016.07.23"]
[EventType "swiss"]
[EventRounds "8"]
[EventCountry "CAN"]
[SourceTitle "CBM 173 Extra"]
[Source "ChessBase"]
[SourceDate "2016.08.29"]
[SourceVersion "1"]
[SourceVersionDate "2016.08.29"]
[SourceQuality "1"]

1. e4 c5 2. d4 cxd4 3. c3 Nf6 4. Bd3 dxc3 5. Nxc3 Nc6 6. Nf3 d6 7. 0-0 e6 8. Qe2 Be7 9. Rd1 Qc7 10. Bf4 a6 11. Rac1 0-0 12. h3 Qa5 13. a3 Ne5 14. Nxe5 dxe5 15. Bg3 Bd7 16. Nb1 Bc6 17. b4 Qc7 18. Nc3 Rad8 19. Na4 Nd7 20. Nb2 b5 21. a4 Qb7 22. axb5 axb5 23. Qe1 Rc8 24. Bb1 Rfd8 25. f3 f6 26. Nd3 Nf8 27. Bf2 Be8 28. Nc5 Rxd1 29. Qxd1 Qc6 30. Ba2 Bf7 31. Be3 Qd6 32. Qe2 Qb8 33. Rd1 Rd8 34. Rxd8 Bxd8 35. Bb3 Be7 36. Kf2 Qe8 37. Qa2 Bd6 38. Qa6 Qb8 39. Nd3 Bc7 40. Qc6 Be8 41. Bxe6+ Nxe6 42. Qxe6+ Bf7 43. Qc6 Bc4 44. Nc5 Bb6 45. h4 Qd8 1/2-1/2

[Event "Ottawa Eastern Ontario op"]
[Site "Ottawa"]
[Date "2016.06.26"]
[Round "5"]
[White "Doubleday, William G"]
[Black "Zhou, Qiyu"]
[Result "1/2-1/2"]
[WhiteElo "2028"]
[BlackElo "2239"]
[PlyCount "99"]
[EventDate "2016.06.24"]
[EventType "swiss"]
[EventRounds "5"]
[EventCountry "CAN"]
[SourceTitle "EXT 2022"]
[Source "ChessBase"]
[SourceDate "2021.10.06"]
[SourceVersion "1"]
[SourceVersionDate "2021.10.06"]
[SourceQuality "1"]

1. d4 Nf6 2. c4 e6 3. Nc3 Bb4 4. e3 0-0 5. Nge2 d5 6. a3 Be7 7. cxd5 exd5 8. g3 a5 9. Bg2 Na6 10. 0-0 Re8 11. Bd2 Bf8 12. Qc2 c6 13. Rad1 Nc7 14. Bc1 Ne6 15. f3 c5 16. Kh1 Bd7 17. dxc5 Nxc5 18. e4 dxe4 19. fxe4 Qc8 20. Bg5 Nfxe4 21. Nxe4 Nxe4 22. Qxc8 Bxc8 23. Rd8 Rxd8 24. Bxd8 Nd2 25. Rf4 Be6 26. Bb6 Nc4 27. Bd4 Rb8 28. Rf2 f6 29. Nf4 Bf7 30. Re2 Rd8 31. Bc3 Rd1+ 32. Re1 Rd7 33. Ne6 Be7 34. Bh3 Bh5 35. Nf4 Bf3+ 36. Ng2 Rc7 37. Be6+ Kf8 38. Kg1 Bc5+ 39. Kf1 Bb6 40. Nh4 Bh5 41. Nf5 Nxa3 42. Nd4 Bxd4 43. Bxd4 Nb5 44. Bb6 Rc2 45. Bb3 Rc8 46. Bxa5 Bf7 47. Bb4+ Kg8 48. Bxf7+ Kxf7 49. Re7+ Kg6 50. Rxb7 1/2-1/2

[Event "Ottawa Eastern Ontario op"]
[Site "Ottawa"]
[Date "2016.06.25"]
[Round "4"]
[White "Marin, Sam"]
[Black "Doubleday, William G"]
[Result "0-1"]
[WhiteElo "1950"]
[BlackElo "2028"]
[PlyCount "70"]
[EventDate "2016.06.24"]
[EventType "swiss"]
[EventRounds "5"]
[EventCountry "CAN"]
[SourceTitle "EXT 2022"]
[Source "ChessBase"]
[SourceDate "2021.10.06"]
[SourceVersion "1"]
[SourceVersionDate "2021.10.06"]
[SourceQuality "1"]

1. e4 c5 2. Nf3 Nc6 3. d4 cxd4 4. Nxd4 Qb6 5. Nb3 Nf6 6. Nc3 e6 7. Be3 Qc7 8. a3 a6 9. f4 d6 10. Be2 Be7 11. a4 b6 12. Bf3 Rb8 13. Qe2 0-0 14. g4 Na5 15. Nd2 Bb7 16. g5 Nd7 17. 0-0 Rfc8 18. Bg2 Nc4 19. Nxc4 Qxc4 20. Qg4 b5 21. axb5 axb5 22. Rf2 Ra8 23. Rxa8 Rxa8 24. Bf1 Ra1 25. Nd1 Qxe4 26. Bg2 Qxe3 27. Bxb7 Nc5 28. Bf3 Ne4 29. Bxe4 Qxe4 30. c3 d5 31. Rf1 Bc5+ 32. Nf2 Re1 33. Qg3 Rxf1+ 34. Kxf1 Qb1+ 35. Kg2 Qxb2 0-1

[Event "Gatineau op"]
[Site "Gatineau"]
[Date "2016.03.06"]
[Round "5"]
[White "Davies, Alex"]
[Black "Doubleday, William G"]
[Result "1-0"]
[WhiteElo "2259"]
[BlackElo "2114"]
[PlyCount "85"]
[EventDate "2016.03.04"]
[EventType "swiss"]
[EventRounds "5"]
[EventCountry "CAN"]
[SourceTitle "EXT 2022"]
[Source "ChessBase"]
[SourceDate "2021.10.06"]
[SourceVersion "1"]
[SourceVersionDate "2021.10.06"]
[SourceQuality "1"]

1. e4 c5 2. Nc3 Nc6 3. g3 g6 4. Bg2 Bg7 5. d3 d6 6. Be3 e6 7. Qd2 Nd4 8. 0-0-0 Qa5 9. Kb1 h5 10. Nce2 Qxd2 11. Rxd2 Ne7 12. c3 Nxe2 13. Nxe2 Nc6 14. d4 cxd4 15. Nxd4 Nxd4 16. Bxd4 Bxd4 17. Rxd4 Ke7 18. Rhd1 h4 19. h3 hxg3 20. fxg3 e5 21. Rxd6 Bxh3 22. Bxh3 Rxh3 23. Rd7+ Kf8 24. Rf1 Rxg3 25. Rfxf7+ Kg8 26. Rg7+ Kh8 27. Rh7+ Kg8 28. Rdg7+ Kf8 29. Rxb7 Kg8 30. Rhe7 g5 31. Rxe5 g4 32. Rg5+ Kh8 33. Rbg7 Rg1+ 34. Kc2 Rg2+ 35. Kb3 Rb8+ 36. Kc4 Rbxb2 37. Rxa7 g3 38. Rag7 Rxa2 39. Rg8+ Kh7 40. R5g7+ Kh6 41. Rxg3 Ra4+ 42. Kd3 Rxg3+ 43. Rxg3 1-0

[Event "Ottawa RA Winter op"]
[Site "Ottawa"]
[Date "2016.01.08"]
[Round "1"]
[White "Groot Lipman, Jeff"]
[Black "Doubleday, William G"]
[Result "0-1"]
[WhiteElo "2003"]
[BlackElo "2028"]
[PlyCount "102"]
[EventDate "2016.01.08"]
[EventType "swiss"]
[EventRounds "5"]
[EventCountry "CAN"]
[SourceTitle "EXT 2022"]
[Source "ChessBase"]
[SourceDate "2021.10.06"]
[SourceVersion "1"]
[SourceVersionDate "2021.10.06"]
[SourceQuality "1"]

1. e4 c5 2. c3 Nf6 3. e5 Nd5 4. d4 cxd4 5. cxd4 d6 6. exd6 e6 7. Bb5+ Bd7 8. Bxd7+ Nxd7 9. Nf3 Bxd6 10. 0-0 0-0 11. Nc3 Nxc3 12. bxc3 Nb6 13. Qd3 Be7 14. a4 Rc8 15. Ba3 Bxa3 16. Rxa3 Nc4 17. Ra2 h6 18. Re1 Qd5 19. Raa1 Rfd8 20. Nd2 b6 21. Nxc4 Qxc4 22. Qxc4 Rxc4 23. Ra3 Rdc8 24. Rc1 Rxd4 25. Kf1 Rdc4 26. a5 b5 27. a6 b4 28. Rb3 Rxc3 29. Rbxc3 bxc3 30. Ke2 Rc6 31. Kd3 Rxa6 32. Rxc3 Ra2 33. Ke3 Kh7 34. Rc5 Kg6 35. Rb5 f5 36. g3 Kf6 37. Rc5 a5 38. h4 g5 39. hxg5+ hxg5 40. Rb5 g4 41. Rc5 Ra3+ 42. Ke2 Ra4 43. Rb5 Re4+ 44. Kf1 a4 45. Ra5 Ke7 46. Rc5 Kd6 47. Rc3 Kd5 48. Rc8 Rc4 49. Rd8+ Kc5 50. Re8 a3 51. Ra8 Kb4 0-1